LEADER 01139nam--2200385---450- 001 990000706730203316 005 20090831144405.0 010 $a88-19-69205-8 035 $a0070673 035 $aUSA010070673 035 $a(ALEPH)000070673USA01 035 $a0070673 100 $a20011023d1988----km-y0itay0103----ba 101 $aita 102 $aIT 105 $a||||||||001yy 200 1 $aImposta di bollo$ecommento sistematico articolo per articolo$eprassi-giurisprudenza$fa cura di Mariano Scarlata Fazio 205 $a6. ed. 210 $aRoma$cBuffetti$d1988 215 $aVII, 194 p.$d21 cm 410 $12001 606 0 $aBollo$xDiritto 676 $a343.45057 702 1$aSCARLATA FAZIO,$bMariano 801 0$aIT$bsalbc$gISBD 912 $a990000706730203316 951 $aXXIV.5.A 56 (IG VII 315)$b64931 EC$cXXIV.5.A 56 (IG VII)$d00242148 959 $aBK 969 $aGIU 979 $aPATTY$b90$c20011023$lUSA01$h2307 979 $c20020403$lUSA01$h1719 979 $aPATRY$b90$c20040406$lUSA01$h1649 979 $aRSIAV4$b90$c20090831$lUSA01$h1444 996 $aImposta di bollo$9427245 997 $aUNISA LEADER 02715nam 2200445 450 001 9910795002003321 005 20230105202030.0 010 $a3-657-77874-8 024 7 $a10.30965/9783657778744 035 $a(CKB)4920000000125527 035 $a(nllekb)BRILL9783657778744 035 $a(MiAaPQ)EBC6516867 035 $a(Au-PeEL)EBL6516867 035 $a(OCoLC)1243532686 035 $a(EXLCZ)994920000000125527 100 $a20220705d2013 uy 0 101 0 $ager 135 $aurun####uuuua 181 $ctxt$2rdacontent 182 $cc$2rdamedia 183 $2rdacarrier 200 00$aAdenauer und die FDP /$fbearbeitet von Holger Lo?ttel 210 1$aPaderborn :$cFerdinand Scho?ningh,$d[2013] 210 4$d©2013 215 $a1 online resource 225 1 $aAdenauer Rho?ndorfer Ausgabe 311 $a3-506-77874-9 320 $aIncludes bibliographical references and index. 327 $tPreliminary Material /$rRudolf Morsey and Hans-Peter Schwarz -- Zum Geleit /$rRudolf Morsey and Hans-Peter Schwarz -- Einführung in die Edition /$rRudolf Morsey and Hans-Peter Schwarz -- Verzeichnis der Dokumente /$rRudolf Morsey and Hans-Peter Schwarz -- Dokumente /$rRudolf Morsey and Hans-Peter Schwarz -- Bildteil /$rRudolf Morsey and Hans-Peter Schwarz -- Abkürzungen /$rRudolf Morsey and Hans-Peter Schwarz -- Quellen- und Literaturverzeichnis /$rRudolf Morsey and Hans-Peter Schwarz -- Nachweis der Abbildungen /$rRudolf Morsey and Hans-Peter Schwarz -- Personenregister /$rRudolf Morsey and Hans-Peter Schwarz -- Orts- und Sachregister /$rRudolf Morsey and Hans-Peter Schwarz. 330 $aIn Adenauers Kabinett war die FDP eine ebenso wichtige wie unberechenbare Größe. Sie hatte zwar Anteil an den politischen Erfolgen der Regierungsarbeit, trug jedoch auch zahlreiche Konflikte mit dem Bundeskanzler aus. Die Edition präsentiert Adenauers Briefwechsel mit den Spitzenpolitikern der FDP, Hintergrundberichte und Vermerke über ihre Gespräche im Kanzleramt, vor allem aber Wortprotokolle von drei Krisensitzungen, die auf dem Höhepunkt der Auseinandersetzung zwischen Adenauer und Thomas Dehler im Dezember 1955 auf Tonband aufgezeichnet wurden. So gewähren die größtenteils unveröffentlichten Dokumente Einblick in Bildung, Alltag und Krisen der Koalitionsregierungen unter Konrad Adenauer, der hier in der bisher wenig beleuchteten Facette als »Koalitionskanzler« erscheint. 410 0$aAdenauer Rho?ndorfer Ausgabe. 676 $a943.087092 702 $aLo?ttel$b Holger 801 0$bMiAaPQ 801 1$bMiAaPQ 801 2$bMiAaPQ 906 $aBOOK 912 $a9910795002003321 996 $aAdenauer und die FDP$93689280 997 $aUNINA